[Event "Ceske Budejovice op-A"]
[Site "Ceske Budejovice"]
[Date "2022.07.07"]
[Round "7"]
[White "Laith, Kasib"]
[Black "Hosnedl, Matyas"]
[Result "1/2-1/2"]
[WhiteElo "2079"]
[BlackElo "1967"]
[PlyCount "58"]
[EventDate "2022.07.01"]
[EventType "swiss"]
[EventRounds "9"]
[EventCountry "CZE"]
[SourceTitle "CBM 209 Extra"]
[Source "ChessBase"]
[SourceDate "2022.09.30"]
[SourceVersion "1"]
[SourceVersionDate "2022.09.30"]
[SourceQuality "1"]

1. e4 e6 2. d4 d5 3. e5 c5 4. c3 Nc6 5. Nf3 Bd7 6. Be2 Nge7 7. 0-0 Ng6 8. Be3 Be7 9. Re1 Qb6 10. Qd2 0-0 11. dxc5 Bxc5 12. Bxc5 Qxc5 13. b4 Qe7 14. Bd3 f6 15. Bxg6 hxg6 16. exf6 gxf6 17. b5 Na5 18. Qxd5 exd5 19. Rxe7 Bxb5 20. Na3 Ba4 21. Nh4 g5 22. Nf5 Rfe8 23. Rae1 Kf8 24. R7e6 Rxe6 25. Rxe6 Kf7 26. Re7+ Kf8 27. Rh7 Kg8 28. Rg7+ Kf8 29. Rh7 Kg8 1/2-1/2

[Event "Ceske Budejovice op-A"]
[Site "Ceske Budejovice"]
[Date "2022.07.02"]
[Round "2"]
[White "Hosnedl, Matyas"]
[Black "Cuhra, Martin"]
[Result "0-1"]
[WhiteElo "1967"]
[BlackElo "2225"]
[PlyCount "79"]
[EventDate "2022.07.01"]
[EventType "swiss"]
[EventRounds "9"]
[EventCountry "CZE"]
[SourceTitle "CBM 209 Extra"]
[Source "ChessBase"]
[SourceDate "2022.09.30"]
[SourceVersion "1"]
[SourceVersionDate "2022.09.30"]
[SourceQuality "1"]

1. e4 c5 2. Nf3 g6 3. d4 cxd4 4. Nxd4 Bg7 5. c4 Nc6 6. Be3 Nf6 7. Nc3 0-0 8. Be2 d6 9. 0-0 Nxd4 10. Bxd4 Bd7 11. Nd5 Ne8 12. Qd2 Bc6 13. Rac1 e6 14. Nc3 f5 15. Bxg7 Kxg7 16. Bf3 Qh4 17. Rfe1 Rd8 18. Qe2 e5 19. b4 f4 20. Red1 Nc7 21. b5 Be8 22. Nd5 Ne6 23. a4 Bd7 24. Rd3 Kh8 25. Qd1 Nc5 26. Ra3 Be6 27. Nb4 g5 28. h3 h5 29. Bxh5 Nxe4 30. Qe2 Bf5 31. Bg4 Nc5 32. Bxf5 Rxf5 33. Nd3 f3 34. Qe3 Ne6 35. Ne1 Rdf8 36. Nxf3 Rxf3 37. Qxf3 Rxf3 38. Rxf3 Nd4 39. Re3 Qf4 40. Ree1 0-1

[Event "CZE-ch rapid U20"]
[Site "Ceska Trebova"]
[Date "2020.09.20"]
[Round "9"]
[White "Hosnedl, Matyas"]
[Black "Gloser, David"]
[Result "0-1"]
[WhiteElo "1911"]
[BlackElo "2248"]
[PlyCount "94"]
[EventDate "2020.09.19"]
[EventType "swiss (rapid)"]
[EventRounds "9"]
[EventCountry "CZE"]
[SourceTitle "CBM 198 Extra"]
[Source "ChessBase"]
[SourceDate "2020.11.30"]
[SourceVersion "1"]
[SourceVersionDate "2020.11.30"]
[SourceQuality "1"]

1. e4 c5 2. Nf3 d6 3. d4 cxd4 4. Nxd4 Nf6 5. Nc3 g6 6. Be3 Bg7 7. f3 Nc6 8. Qd2 0-0 9. 0-0-0 Nxd4 10. Bxd4 Be6 11. g4 Qa5 12. Kb1 Rfc8 13. Nd5 Qxd2 14. Rxd2 Nxd5 15. Bxg7 Nb4 16. a3 Kxg7 17. axb4 Rc7 18. g5 a5 19. b5 Rac8 20. h4 Rc5 21. Be2 Bc4 22. Bxc4 Rxc4 23. b3 R4c5 24. c4 a4 25. Rc1 axb3 26. Rd4 h6 27. f4 hxg5 28. hxg5 Rh8 29. Rc3 Rh2 30. Rxb3 Rf2 31. Ra3 Rxf4 32. Ra7 Rxg5 33. Rxb7 Rg2 34. Rd1 Rxe4 35. Rc7 Ree2 36. Rf1 g5 37. b6 Rb2+ 38. Kc1 Rxb6 39. Rxe7 Kg6 40. Rexf7 Rc6 41. Kd1 Ra6 42. R7f2 Ra1+ 43. Ke2 Ra2+ 44. Ke3 Raxf2 45. Rxf2 Rxf2 46. Kxf2 Kf5 47. Kf3 Ke5 0-1

[Event "Ceske Budejovice op-A"]
[Site "Ceske Budejovice"]
[Date "2020.07.08"]
[Round "8"]
[White "Kozak, Milos"]
[Black "Hosnedl, Matyas"]
[Result "1/2-1/2"]
[WhiteElo "2174"]
[BlackElo "1976"]
[PlyCount "44"]
[EventDate "2020.07.01"]
[EventType "swiss"]
[EventRounds "9"]
[EventCountry "CZE"]
[SourceTitle "CBM 197 Extra"]
[Source "ChessBase"]
[SourceDate "2020.09.30"]
[SourceVersion "1"]
[SourceVersionDate "2020.09.30"]
[SourceQuality "1"]

1. Nf3 Nf6 2. g3 g6 3. Bg2 Bg7 4. 0-0 d5 5. d3 0-0 6. Nbd2 c5 7. e4 Nc6 8. c3 d4 9. cxd4 cxd4 10. a4 Bg4 11. h3 Bxf3 12. Bxf3 Qd7 13. Bg2 Rac8 14. f4 Nb4 15. Nc4 Qc7 16. b3 Nd7 17. Ba3 a5 18. Rf2 Nc5 19. Bf1 e5 20. f5 Bh6 21. Bc1 Bxc1 22. Rxc1 f6 1/2-1/2

[Event "Ceske Budejovice op-A"]
[Site "Ceske Budejovice"]
[Date "2020.07.02"]
[Round "2"]
[White "Bulockin, Martin"]
[Black "Hosnedl, Matyas"]
[Result "1-0"]
[WhiteElo "2301"]
[BlackElo "1976"]
[PlyCount "89"]
[EventDate "2020.07.01"]
[EventType "swiss"]
[EventRounds "9"]
[EventCountry "CZE"]
[SourceTitle "CBM 197 Extra"]
[Source "ChessBase"]
[SourceDate "2020.09.30"]
[SourceVersion "1"]
[SourceVersionDate "2020.09.30"]
[SourceQuality "1"]

1. Nf3 Nf6 2. c4 g6 3. g3 Bg7 4. Bg2 0-0 5. 0-0 d5 6. cxd5 Nxd5 7. Nc3 c5 8. a3 Nc6 9. Qb3 Nb6 10. d3 Nd4 11. Nxd4 cxd4 12. Ne4 Be6 13. Qd1 Rc8 14. Bd2 Qd7 15. a4 h6 16. Bb4 Bd5 17. a5 Na8 18. Rc1 Rxc1 19. Qxc1 Rc8 20. Nc5 Qd6 21. Bxd5 Qxd5 22. Qc4 Qxc4 23. dxc4 b6 24. axb6 axb6 25. Nd3 Rxc4 26. Bxe7 Rc2 27. Ra1 Nc7 28. Kf1 Nd5 29. Ra8+ Kh7 30. Ba3 Bf6 31. Ra7 Rc7 32. Rxc7 Nxc7 33. Bd6 Nd5 34. Ke1 g5 35. g4 Kg6 36. Kd2 Be7 37. Bxe7 Nxe7 38. Ne5+ Kf6 39. Nd7+ Ke6 40. Nxb6 f5 41. Kd3 Ke5 42. Nc4+ Kd5 43. gxf5 Nc6 44. e4+ dxe3 45. fxe3 1-0

[Event "CZE-ch U16"]
[Site "Kouty nad Desnou"]
[Date "2020.03.10"]
[Round "5"]
[White "Nezval, Filip1111"]
[Black "Hosnedl, Matyas"]
[Result "1-0"]
[WhiteElo "1940"]
[BlackElo "1977"]
[PlyCount "69"]
[EventDate "2020.03.07"]
[EventType "swiss"]
[EventRounds "7"]
[EventCountry "CZE"]
[SourceTitle "CBM 195 Extra"]
[Source "ChessBase"]
[SourceDate "2020.05.31"]
[SourceVersion "1"]
[SourceVersionDate "2020.05.31"]
[SourceQuality "1"]

1. d4 Nf6 2. c4 c5 3. d5 b5 4. cxb5 a6 5. b6 g6 6. Nc3 Bg7 7. e4 d6 8. a4 Qxb6 9. Nf3 0-0 10. Nd2 Nfd7 11. Be2 f5 12. 0-0 Ne5 13. f4 c4+ 14. Kh1 Nd3 15. Nxc4 Nf2+ 16. Rxf2 Qxf2 17. Be3 Qh4 18. Nb6 Bb7 19. Nxa8 Bxa8 20. exf5 gxf5 21. Bf3 Nd7 22. Qe2 Nf6 23. Rd1 Ng4 24. Bg1 Qh6 25. g3 Qh5 26. Kg2 Qf7 27. Qxa6 Rb8 28. Qe2 Nf6 29. Rd2 Rb4 30. a5 Ne4 31. Nxe4 fxe4 32. Bxe4 Bxb2 33. Rxb2 Rxe4 34. Qg4+ Qg7 35. Rb8+ 1-0

[Event "CZE-ch U16"]
[Site "Kouty nad Desnou"]
[Date "2020.03.09"]
[Round "3"]
[White "Vecera, Dominik"]
[Black "Hosnedl, Matyas"]
[Result "1/2-1/2"]
[WhiteElo "1814"]
[BlackElo "1977"]
[PlyCount "67"]
[EventDate "2020.03.07"]
[EventType "swiss"]
[EventRounds "7"]
[EventCountry "CZE"]
[SourceTitle "CBM 195 Extra"]
[Source "ChessBase"]
[SourceDate "2020.05.31"]
[SourceVersion "1"]
[SourceVersionDate "2020.05.31"]
[SourceQuality "1"]

1. e4 e6 2. d4 d5 3. Nd2 a6 4. Bd3 c5 5. c3 cxd4 6. cxd4 dxe4 7. Nxe4 Bb4+ 8. Nc3 Nc6 9. Nf3 Nf6 10. 0-0 h6 11. Bf4 0-0 12. Rc1 Bd6 13. Be5 Nb4 14. Bb1 Bxe5 15. dxe5 Qxd1 16. Rfxd1 Nd7 17. Be4 f5 18. Bxb7 Bxb7 19. Rxd7 Bxf3 20. gxf3 Rfd8 21. Rcd1 Nc6 22. f4 g5 23. R7d6 Rxd6 24. Rxd6 Nd8 25. fxg5 hxg5 26. Na4 Kf7 27. Nc5 a5 28. Rd7+ Ke8 29. Rg7 Rc8 30. Nd7 Nf7 31. Nf6+ Ke7 32. Nh7 Rc4 33. h3 Ke8 34. Nf6+ 1/2-1/2

[Event "Klatovy op-B 24th"]
[Site "Klatovy"]
[Date "2018.07.08"]
[Round "9"]
[White "Vachal, Josef1111"]
[Black "Hosnedl, Matyas"]
[Result "1/2-1/2"]
[WhiteElo "1829"]
[BlackElo "1697"]
[PlyCount "80"]
[EventDate "2018.06.30"]
[EventType "swiss"]
[EventRounds "9"]
[EventCountry "CZE"]
[SourceTitle "EXT 2019"]
[Source "ChessBase"]
[SourceDate "2018.10.10"]
[SourceVersion "1"]
[SourceVersionDate "2018.10.10"]
[SourceQuality "1"]

1. d4 Nf6 2. Nf3 g6 3. c4 d5 4. e3 Bg7 5. Nc3 0-0 6. Bd3 c5 7. 0-0 cxd4 8. Nxd4 Nc6 9. Nxc6 bxc6 10. cxd5 cxd5 11. Bd2 Rb8 12. Rb1 Be6 13. Nb5 Ne4 14. Nc3 Nxd2 15. Qxd2 Qa5 16. b4 Rxb4 17. Nxd5 Ra4 18. Qxa5 Rxa5 19. Nxe7+ Kh8 20. Rbc1 Rxa2 21. Bc4 Bxc4 22. Rxc4 a5 23. Nc6 Ra8 24. g3 a4 25. Nd4 a3 26. Rfc1 Kg8 27. Rc8+ Rxc8 28. Rxc8+ Bf8 29. Nb5 Kg7 30. Ra8 Bc5 31. Ra6 Rb2 32. Nd4 a2 33. Kg2 Bb4 34. Kf3 Kf8 35. Ra8+ Kg7 36. h4 h5 37. Ra7 Be1 38. Ne2 Kf6 39. Ra4 Ke6 40. Nf4+ Kf6 1/2-1/2

[Event "Klatovy op-B 24th"]
[Site "Klatovy"]
[Date "2018.07.06"]
[Round "7"]
[White "Schille, Hannes"]
[Black "Hosnedl, Matyas"]
[Result "0-1"]
[WhiteElo "1750"]
[BlackElo "1697"]
[PlyCount "84"]
[EventDate "2018.06.30"]
[EventType "swiss"]
[EventRounds "9"]
[EventCountry "CZE"]
[SourceTitle "EXT 2019"]
[Source "ChessBase"]
[SourceDate "2018.10.10"]
[SourceVersion "1"]
[SourceVersionDate "2018.10.10"]
[SourceQuality "1"]

1. d4 Nf6 2. Nf3 g6 3. Bf4 Bg7 4. c3 d5 5. h3 0-0 6. e3 c5 7. Bd3 Nc6 8. Nbd2 Nd7 9. 0-0 e5 10. dxe5 Ncxe5 11. Nxe5 Nxe5 12. Be2 Be6 13. Nb3 Qb6 14. Bxe5 Bxe5 15. Qd2 Rfd8 16. Rad1 a5 17. Qc1 a4 18. Nd2 Rac8 19. Nf3 Bf6 20. a3 d4 21. e4 dxc3 22. bxc3 c4 23. e5 Be7 24. Nd4 Qc5 25. f4 Qxa3 26. Qxa3 Bxa3 27. Ra1 Bc5 28. Rxa4 Bxd4+ 29. cxd4 Rxd4 30. Rb4 Bd5 31. Rd1 Rxd1+ 32. Bxd1 Ra8 33. Ba4 c3 34. Rd4 Rxa4 35. Rxa4 b5 36. Ra1 b4 37. Rc1 Kg7 38. Kf2 b3 39. Ke1 b2 40. Rxc3 b1Q+ 41. Kd2 Bxg2 42. h4 Qe4 0-1

[Event "Klatovy op-B 24th"]
[Site "Klatovy"]
[Date "2018.06.30"]
[Round "1"]
[White "Studenovsky, Jaroslav"]
[Black "Hosnedl, Matyas"]
[Result "0-1"]
[WhiteElo "1233"]
[BlackElo "1697"]
[PlyCount "40"]
[EventDate "2018.06.30"]
[EventType "swiss"]
[EventRounds "9"]
[EventCountry "CZE"]
[SourceTitle "CBM 185 Extra"]
[Source "ChessBase"]
[SourceDate "2018.07.29"]
[SourceVersion "1"]
[SourceVersionDate "2018.07.29"]
[SourceQuality "1"]

1. c4 Nf6 2. Nc3 d5 3. cxd5 Nxd5 4. g3 g6 5. Bg2 Nxc3 6. bxc3 Bg7 7. Nf3 0-0 8. 0-0 c5 9. Rb1 Nc6 10. Ba3 Qa5 11. Qb3 Rb8 12. Bc1 Be6 13. c4 b5 14. Qa3 Bxc4 15. Qxc5 Bxa2 16. Qxc6 Bxb1 17. Qc5 Ba2 18. Ba3 Rfc8 19. Qb4 Qxb4 20. Bxb4 Rc4 0-1

[Event "CZE-chT U18 Extraliga final-B 1718"]
[Site "Czech Republic"]
[Date "2018.04.22"]
[Round "11.5"]
[White "Hosnedl, Matyas"]
[Black "Janouch, Jachym Stepan"]
[Result "0-1"]
[WhiteElo "1721"]
[BlackElo "1505"]
[PlyCount "140"]
[EventDate "2017.10.07"]
[EventType "team-tourn"]
[EventRounds "11"]
[EventCountry "CZE"]
[SourceTitle "EXT 2023"]
[Source "ChessBase"]
[SourceDate "2022.10.05"]
[SourceVersion "1"]
[SourceVersionDate "2022.10.05"]
[SourceQuality "1"]
[WhiteTeam "Ceske Budejovice (U18)"]
[BlackTeam "Jicin (U18)"]
[WhiteTeamCountry "CZE"]
[BlackTeamCountry "CZE"]

1. e4 e5 2. Nf3 Nc6 3. Bb5 Nge7 4. c3 d6 5. h3 Bd7 6. d4 g6 7. dxe5 dxe5 8. Qe2 Bg7 9. Nbd2 a6 10. Ba4 0-0 11. 0-0 h6 12. Bb3 Kh7 13. Rd1 Qe8 14. Nf1 f5 15. N1h2 Ng8 16. Bd5 Nge7 17. Re1 f4 18. b4 g5 19. a4 Ng6 20. Ba3 Rh8 21. Qc4 Nd8 22. Qxc7 Rc8 23. Qb6 Bxa4 24. Rac1 Ne7 25. Nd2 Bc6 26. c4 Qg6 27. Qa5 Nf7 28. b5 b6 29. Qxb6 Bxd5 30. Qxg6+ Nxg6 31. exd5 axb5 32. c5 Ne7 33. d6 Nc6 34. Ne4 Ra8 35. Ra1 Kg6 36. Bb2 Kf5 37. f3 h5 38. Kf2 Ke6 39. Nf1 Bf6 40. Nfd2 g4 41. Nxf6 g3+ 42. Kf1 Kxf6 43. Ne4+ Ke6 44. Red1 Rhb8 45. Ke2 h4 46. Kd2 Nb4 47. Ke2 Nc6 48. Kf1 Nb4 49. Bc3 Nd5 50. Bd2 b4 51. Ke2 Kd7 52. Kd3 b3 53. Rxa8 Rxa8 54. Rb1 Rb8 55. Kc4 Ne3+ 56. Bxe3 fxe3 57. Kd3 Nh6 58. Kxe3 Nf5+ 59. Kd3 Nd4 60. f4 Ke6 61. fxe5 Kxe5 62. Nc3 Nc6 63. Ne2 Kd5 64. Kc3 Kxc5 65. Rxb3 Rd8 66. Kc2 Rxd6 67. Rc3+ Kb5 68. Nxg3 hxg3 69. Rxg3 Nd4+ 70. Kd3 Nf5+ 0-1

[Event "CZE-chT U18 Extraliga final-B 1718"]
[Site "Czech Republic"]
[Date "2018.04.21"]
[Round "9.5"]
[White "Hosnedl, Matyas"]
[Black "Machacek, Lukas"]
[Result "0-1"]
[WhiteElo "1721"]
[BlackElo "1590"]
[PlyCount "112"]
[EventDate "2017.10.07"]
[EventType "team-tourn"]
[EventRounds "11"]
[EventCountry "CZE"]
[SourceTitle "EXT 2023"]
[Source "ChessBase"]
[SourceDate "2022.10.05"]
[SourceVersion "1"]
[SourceVersionDate "2022.10.05"]
[SourceQuality "1"]
[WhiteTeam "Ceske Budejovice (U18)"]
[BlackTeam "Stare Mesto (U18)"]
[WhiteTeamCountry "CZE"]
[BlackTeamCountry "CZE"]

1. d4 d5 2. c4 e6 3. Nc3 Nf6 4. cxd5 exd5 5. Bg5 Be7 6. e3 0-0 7. Bd3 Nc6 8. a3 Be6 9. Qc2 h6 10. Bxf6 Bxf6 11. Nge2 Rc8 12. 0-0-0 Ne7 13. h3 c5 14. g4 cxd4 15. Nxd4 Qb6 16. Kb1 Kh8 17. Be2 Rc7 18. h4 Rfc8 19. Ka1 Qa5 20. Rc1 Bxd4 21. exd4 b5 22. Qd2 b4 23. Na2 Rxc1+ 24. Nxc1 Nc6 25. Nb3 Qb6 26. Ka2 bxa3 27. bxa3 Rb8 28. Bd1 a5 29. Qc3 a4 30. Nd2 Qxd4 31. Qxd4 Nxd4 32. Bxa4 Bxg4 33. Nf1 Be2 34. Ne3 Ra8 35. Bb3 Nb5 36. Bxd5 Nc3+ 37. Kb3 Nxd5 38. Nc2 Rb8+ 39. Ka2 Nc3+ 40. Ka1 Bd1 41. Nb4 Rd8 42. Kb2 Na4+ 43. Kc1 Bf3 44. Rh3 Rc8+ 45. Kd2 Be4 46. Re3 Rd8+ 47. Ke2 Nc5 48. Rc3 Ne6 49. Ke3 f5 50. f3 Ba8 51. Nd3 g5 52. hxg5 hxg5 53. Ne5 f4+ 54. Ke2 Re8 55. Kf2 Kg7 56. Rd3 Nc5 0-1

[Event "CZE-chT U18 Extraliga final-B 1718"]
[Site "Czech Republic"]
[Date "2018.04.21"]
[Round "10.5"]
[White "Pekarek, Ales1111"]
[Black "Hosnedl, Matyas"]
[Result "1-0"]
[WhiteElo "1730"]
[BlackElo "1721"]
[PlyCount "63"]
[EventDate "2017.10.07"]
[EventType "team-tourn"]
[EventRounds "11"]
[EventCountry "CZE"]
[SourceTitle "EXT 2023"]
[Source "ChessBase"]
[SourceDate "2022.10.05"]
[SourceVersion "1"]
[SourceVersionDate "2022.10.05"]
[SourceQuality "1"]
[WhiteTeam "Orlova Slavia (U18)"]
[BlackTeam "Ceske Budejovice (U18)"]
[WhiteTeamCountry "CZE"]
[BlackTeamCountry "CZE"]

1. e4 e5 2. f4 d5 3. Nf3 exf4 4. exd5 Nf6 5. Bc4 Nxd5 6. 0-0 Be7 7. d4 0-0 8. Bxd5 Qxd5 9. Bxf4 c5 10. Nc3 Qh5 11. Nb5 Na6 12. d5 Rd8 13. c4 Bd7 14. Qe2 Bf6 15. Nd6 b5 16. Ne4 bxc4 17. Nxf6+ gxf6 18. Qxc4 Nb4 19. Qxc5 Nd3 20. Qd4 Nxf4 21. Qxf4 Qxd5 22. Qxf6 Bf5 23. Ne5 Bg6 24. Nc6 Qc5+ 25. Kh1 Re8 26. Rae1 Rxe1 27. Rxe1 h5 28. Ne7+ Kh7 29. Nxg6 fxg6 30. Re7+ Kh6 31. Qg7+ Kg5 32. Re5+ 1-0

[Event "CZE-chT2C 1718"]
[Site "Czech Republic"]
[Date "2018.04.08"]
[Round "11.5"]
[White "Hosnedl, Matyas"]
[Black "Vystrcil, Martin"]
[Result "0-1"]
[WhiteElo "1724"]
[BlackElo "1987"]
[PlyCount "118"]
[EventDate "2017.10.15"]
[EventType "team-tourn"]
[EventRounds "11"]
[EventCountry "CZE"]
[SourceTitle "EXT 2022"]
[Source "ChessBase"]
[SourceDate "2021.10.06"]
[SourceVersion "1"]
[SourceVersionDate "2021.10.06"]
[SourceQuality "1"]
[WhiteTeam "Ceske Budejovice"]
[BlackTeam "Ricany"]
[WhiteTeamCountry "CZE"]
[BlackTeamCountry "CZE"]

1. e4 Nf6 2. e5 Nd5 3. d4 d6 4. c4 Nb6 5. exd6 cxd6 6. Nc3 g6 7. Nf3 Bg7 8. Be3 0-0 9. Qd2 Bg4 10. 0-0-0 Nc6 11. Bh6 d5 12. c5 Bxf3 13. gxf3 Nc4 14. Bxc4 dxc4 15. Bxg7 Kxg7 16. d5 Ne5 17. Qd4 f6 18. f4 Nd3+ 19. Kb1 e5 20. fxe5 fxe5 21. Qe3 Nxf2 22. Rdf1 Nxh1 23. Qxe5+ Kh6 24. Qe3+ Qg5 25. Qh3+ Kg7 26. Rxh1 Rae8 27. Rd1 Re3 28. Qd7+ Rf7 29. Qa4 Rd3 30. Rxd3 cxd3 31. Qd4+ Kg8 32. Qxd3 Qg1+ 33. Kc2 Qxc5 34. Kb3 Rf2 35. d6 Qb6+ 36. Nb5 Rf7 37. Qd5 Qc6 38. Qxc6 bxc6 39. Nd4 Rd7 40. Nxc6 Rxd6 41. Nxa7 Rb6+ 42. Kc3 Ra6 43. Nb5 Rxa2 44. Nd4 Kf7 45. b4 Ke8 46. Nc2 Kd7 47. Kb3 Ra8 48. Kc3 Kc6 49. Kc4 Rf8 50. Nd4+ Kb6 51. Ne6 Rf2 52. h3 Rh2 53. Nf4 g5 54. Nd5+ Kb7 55. Kd4 Rxh3 56. Ke4 Kc6 57. Ne7+ Kb5 58. Kf5 h6 59. Kg4 Rh1 0-1

[Event "CZE-chT2C 1718"]
[Site "Czech Republic"]
[Date "2017.12.17"]
[Round "5.8"]
[White "Hosnedl, Matyas"]
[Black "Zilavy, Jan"]
[Result "1/2-1/2"]
[WhiteElo "1724"]
[BlackElo "2025"]
[PlyCount "63"]
[EventDate "2017.10.15"]
[EventType "team-tourn"]
[EventRounds "11"]
[EventCountry "CZE"]
[SourceTitle "EXT 2022"]
[Source "ChessBase"]
[SourceDate "2021.10.06"]
[SourceVersion "1"]
[SourceVersionDate "2021.10.06"]
[SourceQuality "1"]
[WhiteTeam "Ceske Budejovice"]
[BlackTeam "Tabor"]
[WhiteTeamCountry "CZE"]
[BlackTeamCountry "CZE"]

1. e4 e6 2. d4 d5 3. Nd2 Nf6 4. e5 Nfd7 5. Bd3 c5 6. c3 b6 7. Ne2 Ba6 8. Nf3 Bxd3 9. Qxd3 Nc6 10. 0-0 Be7 11. Be3 Qc7 12. a3 c4 13. Qc2 Na5 14. Rae1 0-0-0 15. Bg5 Bxg5 16. Nxg5 Nf8 17. f4 f5 18. Nc1 Qe7 19. b4 cxb3 20. Nxb3 Nc4 21. a4 h6 22. Nh3 Rd7 23. a5 g5 24. axb6 axb6 25. Ra1 Rb7 26. Ra8+ Kc7 27. Rfa1 Ng6 28. Qa2 Rxa8 29. Qxa8 g4 30. Qg8 Nf8 31. Ra8 Rb8 32. Ra7+ 1/2-1/2

[Event "CZE-chT2C 1718"]
[Site "Czech Republic"]
[Date "2017.11.19"]
[Round "3.8"]
[White "Hosnedl, Matyas"]
[Black "Zak, Zbynek"]
[Result "0-1"]
[WhiteElo "1724"]
[BlackElo "1978"]
[PlyCount "66"]
[EventDate "2017.10.15"]
[EventType "team-tourn"]
[EventRounds "11"]
[EventCountry "CZE"]
[SourceTitle "EXT 2022"]
[Source "ChessBase"]
[SourceDate "2021.10.06"]
[SourceVersion "1"]
[SourceVersionDate "2021.10.06"]
[SourceQuality "1"]
[WhiteTeam "Ceske Budejovice"]
[BlackTeam "Kolin"]
[WhiteTeamCountry "CZE"]
[BlackTeamCountry "CZE"]

1. e4 d5 2. exd5 Nf6 3. Bb5+ Bd7 4. Be2 Nxd5 5. d4 Bf5 6. Nf3 e6 7. 0-0 Bd6 8. a3 Nd7 9. c4 Nf4 10. Nc3 Nxe2+ 11. Qxe2 Nf6 12. Bg5 c6 13. Rfd1 h6 14. Bh4 0-0 15. d5 exd5 16. Nd4 Re8 17. Qd2 Be6 18. cxd5 cxd5 19. Ndb5 Be5 20. Bxf6 Qxf6 21. Nxd5 Bxd5 22. Qxd5 Bxb2 23. Rab1 Qe5 24. Qb3 Rad8 25. Rxd8 Rxd8 26. Nxa7 Rd2 27. Nb5 Qf5 28. Rf1 Be5 29. g3 Qd7 30. Nc3 Rd3 31. Rc1 Qc6 32. Rd1 Rxc3 33. Qb1 g6 0-1

[Event "Klatovy op-B 23rd"]
[Site "Klatovy"]
[Date "2017.07.09"]
[Round "9"]
[White "Maly, Jiri"]
[Black "Hosnedl, Matyas"]
[Result "0-1"]
[WhiteElo "1646"]
[BlackElo "1739"]
[PlyCount "150"]
[EventDate "2017.07.01"]
[EventType "swiss"]
[EventRounds "9"]
[EventCountry "CZE"]
[SourceTitle "EXT 2018"]
[Source "ChessBase"]
[SourceDate "2017.10.13"]
[SourceVersion "1"]
[SourceVersionDate "2017.10.13"]
[SourceQuality "1"]

1. e4 e5 2. Nf3 Nc6 3. Bb5 a6 4. Ba4 Nf6 5. 0-0 b5 6. Bb3 Be7 7. Re1 d6 8. c3 Na5 9. Bc2 c5 10. d4 Qc7 11. h3 0-0 12. Bg5 Bd7 13. Nbd2 Rfc8 14. Rc1 Nc6 15. d5 Na5 16. b4 Nb7 17. a4 cxb4 18. cxb4 Qd8 19. a5 Nxd5 20. Bxe7 Nxe7 21. Bb3 Rxc1 22. Qxc1 Rc8 23. Qb2 h6 24. Nf1 Qc7 25. Ne3 Qc3 26. Qxc3 Rxc3 27. Ba2 Be6 28. Bd5 Bxd5 29. Nxd5 Nxd5 30. exd5 Rc4 31. Rb1 Nd8 32. Kf1 f5 33. Ke2 Nf7 34. Nd2 Rc7 35. f3 Ng5 36. h4 Nh7 37. g4 fxg4 38. fxg4 Nf6 39. g5 hxg5 40. hxg5 Nxd5 41. Ne4 Nc3+ 42. Nxc3 Rxc3 43. Rd1 Rc6 44. Ke3 Kf7 45. Rf1+ Kg6 46. Ke4 Rc4+ 47. Kd5 Rxb4 48. Kxd6 Ra4 49. Kxe5 Kxg5 50. Rg1+ Rg4 51. Re1 Ra4 52. Rg1+ Kh6 53. Kf5 g5 54. Rxg5 Rxa5 55. Rg6+ Kh5 56. Rb6 Ra4 57. Ke5 Kg4 58. Kd5 Kf3 59. Rf6+ Ke3 60. Rh6 Kd3 61. Rh3+ Kc2 62. Rh2+ Kb3 63. Rh3+ Kb4 64. Rh1 Ka5 65. Rc1 Ra3 66. Kc5 Ka4 67. Rb1 Ka5 68. Rb2 Rc3+ 69. Kd4 Rc8 70. Ra2+ Kb6 71. Rg2 a5 72. Rg6+ Rc6 73. Rg8 a4 74. Rb8+ Ka5 75. Kd5 Rc1 0-1

[Event "Klatovy op-B 23rd"]
[Site "Klatovy"]
[Date "2017.07.07"]
[Round "7"]
[White "Flajsman, Pavel"]
[Black "Hosnedl, Matyas"]
[Result "1-0"]
[WhiteElo "1736"]
[BlackElo "1739"]
[PlyCount "49"]
[EventDate "2017.07.01"]
[EventType "swiss"]
[EventRounds "9"]
[EventCountry "CZE"]
[SourceTitle "EXT 2018"]
[Source "ChessBase"]
[SourceDate "2017.10.13"]
[SourceVersion "1"]
[SourceVersionDate "2017.10.13"]
[SourceQuality "1"]

1. e4 e5 2. f4 Bc5 3. Nf3 d6 4. c3 Nf6 5. d4 Bb6 6. dxe5 Nxe4 7. Qa4+ Bd7 8. Qxe4 Bc6 9. Qd3 0-0 10. Be2 Re8 11. Be3 Bxe3 12. Qxe3 dxe5 13. fxe5 Nd7 14. 0-0 Bxf3 15. Bxf3 Rxe5 16. Qf2 c6 17. Nd2 Nf6 18. Nb3 Qc7 19. Rfe1 Rf5 20. Qe2 Qb6+ 21. Qe3 Qc7 22. Nd4 Ra5 23. Re2 Rd8 24. Rae1 Kf8 25. Qe7+ 1-0

[Event "EU-ch U12 26th"]
[Site "Prague"]
[Date "2016.08.27"]
[Round "9"]
[White "Hosnedl, Matyas"]
[Black "Tajovsky, Matej"]
[Result "1-0"]
[WhiteElo "1652"]
[BlackElo "1584"]
[PlyCount "29"]
[EventDate "2016.08.18"]
[EventType "swiss"]
[EventRounds "9"]
[EventCountry "CZE"]
[SourceTitle "CBM 174 Extra"]
[Source "ChessBase"]
[SourceDate "2016.10.10"]
[SourceVersion "1"]
[SourceVersionDate "2016.10.10"]
[SourceQuality "1"]

1. e4 c6 2. Nc3 d5 3. Nf3 dxe4 4. Nxe4 Bf5 5. Ng3 Bg6 6. h4 h6 7. Ne5 Bh7 8. Qh5 g6 9. Bc4 e6 10. Qe2 Qc7 11. d4 Bg7 12. Bf4 Qe7 13. 0-0-0 Nd7 14. Rde1 0-0-0 15. Nxc6 1-0

[Event "EU-ch U12 26th"]
[Site "Prague"]
[Date "2016.08.20"]
[Round "3"]
[White "Jaques, Hannibal Valeur"]
[Black "Hosnedl, Matyas"]
[Result "1-0"]
[WhiteElo "1518"]
[BlackElo "1652"]
[PlyCount "43"]
[EventDate "2016.08.18"]
[EventType "swiss"]
[EventRounds "9"]
[EventCountry "CZE"]
[SourceTitle "CBM 174 Extra"]
[Source "ChessBase"]
[SourceDate "2016.10.10"]
[SourceVersion "1"]
[SourceVersionDate "2016.10.10"]
[SourceQuality "1"]

1. e4 e5 2. Nf3 Nc6 3. Bb5 a6 4. Bxc6 dxc6 5. 0-0 Bd6 6. Nc3 Bg4 7. d3 Qf6 8. Bg5 Qg6 9. Be3 0-0-0 10. Rc1 h5 11. Nb1 h4 12. Nbd2 h3 13. g3 f5 14. c4 f4 15. Ba7 b6 16. c5 Bxc5 17. Rxc5 bxc5 18. Bxc5 Rxd3 19. Qe2 Rxd2 20. Qxa6+ Kd8 21. Qa8+ Kd7 22. Nxe5+ 1-0